[Event "G7 Gruppe 1 2011"]
[Site "Odense"]
[Date "2011.04.19"]
[Round "1"]
[White "Molvig, Henrik"]
[Black "Mortensen, Henrik"]
[Result "1/2-1/2"]
[WhiteElo "2167"]
[BlackElo "2021"]
[PlyCount "37"]
[EventDate "2011.??.??"]


1. d4 c6 2. c4 g6 3. Nc3 Bg7 4. e4 Na6 5. Be2 Nc7 6. d5 d6 7. Nf3 Nf6 8. O-O
O-O 9. Re1 Bg4 10. h3 Bd7 11. Bf1 Rb8 12. Bf4 Nh5 13. Bh2 b5 14. dxc6 Bxc6 15.
Nd4 Bd7 16. cxb5 e5 17. Nb3 Nxb5 18. Nd5 Nc7 19. Nxc7 1/2-1/2

[Event "G7 Gruppe 1 2011"]
[Site "Odense"]
[Date "2011.04.19"]
[Round "1"]
[White "Skytte, Torill"]
[Black "Rossen, Claus"]
[Result "0-1"]
[WhiteElo "2016"]
[BlackElo "2152"]
[PlyCount "88"]
[EventDate "2011.??.??"]


1. d4 Nf6 2. Nf3 g6 3. Bf4 Bg7 4. e3 O-O 5. Nbd2 c5 6. c3 b6 7. Be2 Bb7 8. O-O
d6 9. h3 Nbd7 10. Bh2 Rc8 11. a4 a6 12. Qb3 Rb8 13. Rfc1 Bh6 14. Qd1 Re8 15. b4
Nd5 16. bxc5 bxc5 17. Rab1 Qc7 18. c4 N5f6 19. d5 a5 20. g4 Bg7 21. g5 Nh5 22.
Nh4 e6 23. Bxh5 gxh5 24. Qxh5 exd5 25. Nf5 Re6 26. Nf3 dxc4 27. Rxc4 Bd5 28.
Rxb8+ Qxb8 29. Rf4 Ne5 30. N5h4 Nxf3+ 31. Nxf3 Qb1+ 32. Kg2 Rg6 33. Bg3 Qd1 34.
Qg4 Be5 35. Qc8+ Kg7 36. Qg4 Bxf4 37. exf4 c4 38. h4 Re6 39. f5 Qxf3+ 40. Qxf3
Bxf3+ 41. Kxf3 Re1 42. Bxd6 c3 43. Kg4 c2 44. Bf4 Re4 0-1

[Event "G7 Gruppe 1 2011"]
[Site "Odense"]
[Date "2011.04.19"]
[Round "1"]
[White "Willumsen, Niels Henrik"]
[Black "Christensen, Esben"]
[Result "1-0"]
[WhiteElo "2152"]
[BlackElo "2009"]
[PlyCount "41"]
[EventDate "2011.??.??"]


1. e4 c5 2. Nf3 e6 3. b3 Nf6 4. e5 Nd5 5. Bb2 Be7 6. g3 O-O 7. Bg2 Nc6 8. O-O
d6 9. exd6 Bf6 10. Nc3 Nxc3 11. dxc3 Qb6 12. Nd2 Ne5 13. Ne4 Bd7 14. Qh5 Bc6
15. Nxf6+ gxf6 16. Bxc6 Qxc6 17. f4 Nd7 18. c4 Qxd6 19. Rad1 Qc7 20. Qg4+ Kh8
21. Rxd7 1-0

[Event "G7 Gruppe 1 2011"]
[Site "Odense"]
[Date "2011.04.19"]
[Round "1"]
[White "Bjerre, Lars Gronborg"]
[Black "Hansen, Martin Strandby"]
[Result "1/2-1/2"]
[WhiteElo "2004"]
[BlackElo "2106"]
[PlyCount "82"]
[EventDate "2011.??.??"]


1. e4 d6 2. d4 Nf6 3. Nc3 e5 4. dxe5 dxe5 5. Qxd8+ Kxd8 6. Bg5 Bd6 7. O-O-O
Nbd7 8. Bc4 Ke8 9. f3 a6 10. Nge2 h6 11. Be3 Ke7 12. g4 c6 13. Bxf7 Bc5 14.
Bxc5+ Nxc5 15. Bg6 b5 16. Ng3 b4 17. Nce2 a5 18. h4 Be6 19. Nf5+ Bxf5 20. Bxf5
g5 21. Ng3 Nb7 22. Nh5 Rad8 23. Rxd8 Nxd8 24. Nxf6 Kxf6 25. h5 Nf7 26. Rd1 Rd8
27. Rxd8 Nxd8 28. Kd2 Ke7 29. Kd3 Kd6 30. Kc4 Kc7 31. c3 bxc3 32. Kxc3 Kb6 33.
b4 Nb7 34. a4 Nd6 35. bxa5+ Kxa5 36. Kb3 Nb7 37. Kc4 Kb6 38. Kb4 Na5 39. Bd7
c5+ 40. Kc3 Kc7 41. Bb5 Kd6 1/2-1/2

[Event "G7 Gruppe 1 2011"]
[Site "Odense"]
[Date "2011.04.19"]
[Round "1"]
[White "Haubro, Sigfred"]
[Black "Jensen, Morten Frank"]
[Result "1-0"]
[WhiteElo "2101"]
[BlackElo "1997"]
[PlyCount "109"]
[EventDate "2011.??.??"]


1. Nf3 Nc6 2. d4 d6 3. e3 Nf6 4. Be2 Bg4 5. O-O e6 6. c4 Be7 7. Nc3 O-O 8. e4
d5 9. e5 Ne4 10. cxd5 exd5 11. Be3 Nxc3 12. bxc3 Na5 13. Qc2 Bh5 14. Rae1 Bg6
15. Qa4 c6 16. Nd2 b5 17. Qd1 Nc4 18. Nxc4 bxc4 19. f4 Be4 20. f5 Bg5 21. Qd2
h6 22. f6 gxf6 23. Bxg5 fxg5 24. Rf6 Kg7 25. h4 Bg6 26. hxg5 h5 27. Ref1 Qa5
28. Rxc6 Rab8 29. Qe3 Rb6 30. Rcf6 Qxa2 31. Qf2 Rxf6 32. gxf6+ Kh7 33. Bf3
Qxf2+ 34. Rxf2 Rd8 35. Ra2 Rd7 36. Kf2 Bf5 37. Bxh5 Be6 38. Bf3 Kg6 39. Ra5 Kg5
40. Ke3 Kf5 41. Rb5 Rd8 42. Kd2 Kf4 43. Ra5 Rd7 44. Ke2 Rb7 45. g3+ Kxg3 46.
Bxd5 Bg4+ 47. Ke3 Rb3 48. Bxf7 Rxc3+ 49. Ke4 Bf3+ 50. Kf5 Bg4+ 51. Kg5 Rd3 52.
Bxc4 Rxd4 53. f7 Rf4 54. Ra3+ Bf3 55. Bd5 1-0

[Event "G7 Gruppe 1 2011"]
[Site "Odense"]
[Date "2011.04.19"]
[Round "1"]
[White "Bruun, Henrik Emil"]
[Black "Andersen, Rune"]
[Result "1-0"]
[WhiteElo "1965"]
[BlackElo "2097"]
[PlyCount "75"]
[EventDate "2011.??.??"]


1. e4 c5 2. Nf3 Nc6 3. d4 cxd4 4. Nxd4 Nf6 5. Nc3 e5 6. Nf5 d5 7. exd5 Bxf5 8.
dxc6 bxc6 9. Qf3 Qd7 10. Bg5 e4 11. Qe2 Qe6 12. Qc4 Qxc4 13. Bxc4 Be7 14. O-O-O
O-O 15. Rhe1 Rfe8 16. h3 h5 17. Be3 a5 18. Ne2 Bb4 19. c3 Bf8 20. Nd4 Bd7 21.
Rd2 a4 22. Red1 Nd5 23. Nxc6 Nxe3 24. Bxf7+ Kxf7 25. Rxd7+ Kg8 26. fxe3 a3 27.
b4 Rac8 28. b5 Bc5 29. Kd2 Re6 30. Rf1 Rg6 31. Rf2 Rg3 32. Nd4 Rb8 33. c4 Ra8
34. Re2 Rf8 35. Rd5 Bb4+ 36. Kc2 Rf1 37. b6 Ra1 38. b7 1-0

[Event "G7 Gruppe 1 2011"]
[Site "Odense"]
[Date "2011.04.19"]
[Round "1"]
[White "Ostergaard, Rasmus"]
[Black "Aagaard, Gert"]
[Result "1/2-1/2"]
[WhiteElo "2085"]
[BlackElo "1964"]
[PlyCount "72"]
[EventDate "2011.??.??"]


1. d4 Nf6 2. c4 e6 3. g3 Bb4+ 4. Bd2 Be7 5. Bg2 d5 6. Nf3 O-O 7. O-O Ne4 8. Qc2
c6 9. Bf4 Nd7 10. Nc3 Nxc3 11. Qxc3 dxc4 12. Qxc4 Nb6 13. Qc2 Nd5 14. Bd2 Qb6
15. a3 Bd7 16. Ne5 Rfd8 17. e4 Nf6 18. Be3 Be8 19. Rfd1 Qc7 20. Rac1 Rac8 21.
Nc4 b6 22. Rd2 Qb7 23. Rcd1 Ng4 24. Bf4 g5 25. Be3 b5 26. Bf3 Nxe3 27. Nxe3 c5
28. d5 c4 29. Bg4 Bd7 30. e5 exd5 31. Bxd7 Qxd7 32. Nxd5 Qe6 33. Qe4 Kh8 34.
Nxe7 Rxd2 35. Rxd2 Qxe7 36. Rd5 Rc5 1/2-1/2

[Event "G7 Gruppe 1 2011"]
[Site "Odense"]
[Date "2011.04.19"]
[Round "1"]
[White "Jensen, Leif"]
[Black "Christiansen, Jens Jorgen"]
[Result "0-1"]
[WhiteElo "1947"]
[BlackElo "2058"]
[PlyCount "130"]
[EventDate "2011.??.??"]


1. e4 Nf6 2. Nc3 d5 3. exd5 Nxd5 4. Nxd5 Qxd5 5. Qf3 c6 6. Qxd5 cxd5 7. d4 Nc6
8. c3 Bf5 9. Bf4 e6 10. Nf3 h6 11. Bb5 a6 12. Bxc6+ bxc6 13. Kd2 c5 14. dxc5
Bxc5 15. Be3 Bd6 16. Nd4 Bg6 17. f4 Be4 18. Rhg1 Kd7 19. b4 a5 20. a3 a4 21. g3
Rac8 22. Rac1 f6 23. Rgf1 f5 24. Nf3 Bxf3 25. Rxf3 g5 26. Rf2 gxf4 27. Bxf4 e5
28. Be3 Rcf8 29. Rcf1 Ke6 30. Re2 e4 31. Ref2 h5 32. Bf4 Be5 33. Bxe5 Kxe5 34.
Rf4 Rhg8 35. Rh4 Rg5 36. Rhf4 Rg4 37. Ke3 Rg5 38. Kd2 d4 39. cxd4+ Kxd4 40. Rc1
Rg4 41. Rcf1 Ke5 42. R4f2 h4 43. Rg2 hxg3 44. hxg3 Rd8+ 45. Kc2 Rd3 46. b5
Rgxg3 47. Rxg3 Rxg3 48. Rb1 Rg7 49. b6 Rb7 50. Kd2 Kd4 51. Rb5 Kc4 52. Rxf5
Rxb6 53. Re5 Rd6+ 54. Kc2 Kd4 55. Ra5 Rc6+ 56. Kd2 Rc4 57. Ra8 e3+ 58. Kd1 Kd3
59. Rd8+ Rd4 60. Rxd4+ Kxd4 61. Ke2 Ke4 62. Ke1 Kd3 63. Kd1 Kc3 64. Ke2 Kb3 65.
Kxe3 Kxa3 0-1

[Event "G7 Gruppe 1 2011"]
[Site "Odense"]
[Date "2011.04.19"]
[Round "1"]
[White "Grubert, Christian"]
[Black "Schoning, Lars"]
[Result "1-0"]
[WhiteElo "2057"]
[BlackElo "1927"]
[PlyCount "72"]
[EventDate "2011.??.??"]


1. e4 c5 2. Nf3 d6 3. d4 cxd4 4. Nxd4 Nf6 5. Nc3 a6 6. Be2 e6 7. Be3 Be7 8. O-O
O-O 9. f4 Nc6 10. Bf3 Qc7 11. g4 Nd7 12. Qd2 Nb6 13. b3 Bd7 14. f5 Nxd4 15.
Bxd4 e5 16. Be3 Rac8 17. Ne2 Bc6 18. c4 Nd7 19. Ng3 b5 20. cxb5 axb5 21. g5
Rfd8 22. f6 gxf6 23. Nf5 Nc5 24. Qg2 Kh8 25. Nxe7 Qxe7 26. gxf6 Qxf6 27. Bg5
Qxg5 28. Qxg5 Rg8 29. Qxg8+ Rxg8+ 30. Kf2 Nxe4+ 31. Ke3 f5 32. Rac1 Rc8 33.
Bxe4 fxe4 34. Rf6 Bb7 35. Rxc8+ Bxc8 36. Rf8+ Kg7 1-0

[Event "G7 Gruppe 1 2011"]
[Site "Odense"]
[Date "2011.04.19"]
[Round "1"]
[White "Nielsen, Klaus"]
[Black "Vesterli, Michael E"]
[Result "0-1"]
[WhiteElo "2035"]
[BlackElo "1908"]
[PlyCount "44"]
[EventDate "2011.??.??"]


1. d4 Nf6 2. Nf3 d5 3. e3 e6 4. Bd3 c5 5. c3 Nc6 6. Nbd2 Bd6 7. O-O O-O 8. Qe2
Re8 9. dxc5 Bxc5 10. e4 e5 11. exd5 Nxd5 12. Ne4 Nf4 13. Bxf4 exf4 14. Nfg5 Ne5
15. Bb5 Bg4 16. Qc2 f5 17. Qb3+ Kh8 18. Bxe8 fxe4 19. Nxe4 Qxe8 20. Nxc5 Nf3+
21. Kh1 Qh5 22. h3 Bxh3 0-1

[Event "G7 Gruppe 1 2011"]
[Site "Odense"]
[Date "2011.04.19"]
[Round "1"]
[White "Pedersen, Niels"]
[Black "Andersen, Rune Egede"]
[Result "0-1"]
[WhiteElo "1885"]
[BlackElo "2026"]
[PlyCount "92"]
[EventDate "2011.??.??"]


1. e4 e6 2. d4 d5 3. Nc3 Nf6 4. Bg5 Be7 5. e5 Nfd7 6. Bxe7 Qxe7 7. f4 a6 8. Nf3
c5 9. Bd3 Nc6 10. dxc5 Qxc5 11. Qd2 b5 12. O-O-O Nb6 13. g4 b4 14. Ne2 Bd7 15.
Kb1 O-O 16. Bxh7+ Kxh7 17. Ng5+ Kg8 18. Qd3 Rfc8 19. Qh7+ Kf8 20. Qh8+ Ke7 21.
Qxg7 Nxe5 22. Nd4 Nxg4 23. Qxf7+ Kd6 24. Ne4+ dxe4 25. Nxe6+ Qd5 26. Rxd5+ Nxd5
27. Ng5 Ngf6 28. Qg6 Rg8 29. Qh6 Bf5 30. Rd1 Rg6 31. Qh4 e3 32. Qe1 Ke7 33. h4
Rc8 34. Rd4 Rxc2 35. Ka1 Rg8 36. Rd1 Rgc8 37. Nf3 Kf8 38. Nd4 e2 39. Rb1 Ne3
40. Qxb4+ R2c5 41. Re1 Nfd5 42. Qa3 Kf7 43. b4 Rc3 44. Qb2 Nd1 45. Nxe2 Nxb2
46. Nxc3 Nd3 0-1

[Event "G7 Gruppe 1 2011"]
[Site "Odense"]
[Date "2011.04.20"]
[Round "2"]
[White "Rossen, Claus"]
[Black "Grubert, Christian"]
[Result "1/2-1/2"]
[WhiteElo "2152"]
[BlackElo "2057"]
[PlyCount "30"]
[EventDate "2011.??.??"]


1. e4 c5 2. Nf3 g6 3. d4 cxd4 4. Nxd4 Bg7 5. c4 Nc6 6. Nc2 Nf6 7. Nc3 O-O 8.
Be2 d6 9. O-O a5 10. Bg5 Be6 11. Ne3 h6 12. Bh4 Qb6 13. Qd2 Qd4 14. Qxd4 Nxd4
15. Bd1 Rac8 1/2-1/2

[Event "G7 Gruppe 1 2011"]
[Site "Odense"]
[Date "2011.04.20"]
[Round "2"]
[White "Andersen, Rune Egede"]
[Black "Haubro, Sigfred"]
[Result "1/2-1/2"]
[WhiteElo "2026"]
[BlackElo "2101"]
[PlyCount "83"]
[EventDate "2011.??.??"]


1. e4 e5 2. Nc3 Nf6 3. Bc4 Be7 4. f4 Nc6 5. fxe5 Nxe5 6. Be2 d6 7. d4 Ng6 8.
Nf3 O-O 9. h3 Nh5 10. Be3 Ng3 11. Rg1 c6 12. Bd3 b5 13. Ne2 Nxe2 14. Qxe2 a6
15. g4 c5 16. c3 b4 17. g5 bxc3 18. bxc3 Qa5 19. Bd2 Re8 20. h4 d5 21. c4 Qc7
22. cxd5 Nf4 23. Bxf4 Qxf4 24. e5 Bf5 25. Rf1 cxd4 26. Bxf5 Qxf5 27. Nxd4 Bb4+
28. Kd1 Qxe5 29. Qxe5 Rxe5 30. Rb1 Bc5 31. Nc6 Rxd5+ 32. Ke2 Re8+ 33. Kf3 g6
34. Rfe1 Rf5+ 35. Kg4 Rxe1 36. Rxe1 Kg7 37. h5 f6 38. h6+ Kf8 39. gxf6 Rxf6 40.
Ne5 Rf5 41. Nd7+ Kf7 42. Ne5+ 1/2-1/2

[Event "G7 Gruppe 1 2011"]
[Site "Odense"]
[Date "2011.04.20"]
[Round "2"]
[White "Christiansen, Jens Jorgen"]
[Black "Bruun, Henrik Emil"]
[Result "1/2-1/2"]
[WhiteElo "2058"]
[BlackElo "1965"]
[PlyCount "95"]
[EventDate "2011.??.??"]


1. d4 Nf6 2. Nf3 g6 3. g3 Bg7 4. Bg2 O-O 5. O-O d6 6. Nbd2 a5 7. e4 Na6 8. Re1
c5 9. d5 b5 10. a4 b4 11. Nc4 Bg4 12. Bf4 Nd7 13. Qd2 Bxf3 14. Bxf3 f6 15. Be2
Ne5 16. Bh6 Nxc4 17. Bxc4 Bxh6 18. Qxh6 Nb8 19. f4 Nd7 20. Rad1 Nb6 21. Bb5 Ra7
22. Qh3 Qc8 23. Qg2 e5 24. dxe6 Qxe6 25. Re2 Kg7 26. Red2 Rd8 27. Qe2 Re7 28.
e5 fxe5 29. fxe5 d5 30. Re1 Rf8 31. Qe3 d4 32. Qe4 Rf5 33. Rde2 Qd5 34. Qxd5
Nxd5 35. Bd3 Rf8 36. Bc4 Ne3 37. Rxe3 dxe3 38. Rxe3 Rf5 39. e6 Kf6 40. Kg2 Rc7
41. Rd3 Ke7 42. h4 Re5 43. Kf3 Re1 44. Rd2 Rb1 45. b3 Re1 46. Kf4 Rg1 47. Kf3
Re1 48. Kf4 1/2-1/2

[Event "G7 Gruppe 1 2011"]
[Site "Odense"]
[Date "2011.04.20"]
[Round "2"]
[White "Vesterli, Michael E"]
[Black "Molvig, Henrik"]
[Result "1/2-1/2"]
[WhiteElo "1908"]
[BlackElo "2167"]
[PlyCount "90"]
[EventDate "2011.??.??"]


1. d4 Nf6 2. c4 g6 3. Nc3 Bg7 4. e4 d6 5. Bg5 h6 6. Bf4 O-O 7. Nf3 Nh5 8. Be3
e5 9. Qd2 Kh7 10. O-O-O exd4 11. Nxd4 Nc6 12. Nxc6 bxc6 13. c5 Be6 14. cxd6
cxd6 15. Qxd6 Bxc3 16. Qxd8 Bxb2+ 17. Kxb2 Rfxd8 18. Be2 Nf6 19. Rxd8 Rxd8 20.
f3 Nd7 21. Rc1 Ne5 22. Rc3 Rb8+ 23. Ka1 Rb4 24. a3 Ra4 25. Kb2 g5 26. g3 a6 27.
Bc5 g4 28. fxg4 Bxg4 29. Bxg4 Nxg4 30. h3 Ne5 31. Kb3 Rxe4 32. Re3 Nd7 33. Ba7
f5 34. Rxe4 fxe4 35. Be3 h5 36. Kb4 Kg6 37. a4 Kf5 38. Ka5 Nf6 39. Kxa6 Nd5 40.
Bf2 e3 41. g4+ hxg4 42. hxg4+ Kxg4 43. Bxe3 Nxe3 44. Kb6 Kf5 45. Kxc6 Nc4
1/2-1/2

[Event "G7 Gruppe 1 2011"]
[Site "Odense"]
[Date "2011.04.20"]
[Round "2"]
[White "Hansen, Martin Strandby"]
[Black "Ostergaard, Rasmus"]
[Result "1-0"]
[WhiteElo "2106"]
[BlackElo "2085"]
[PlyCount "109"]
[EventDate "2011.??.??"]


1. d4 d5 2. c3 Nf6 3. Bf4 e6 4. e3 c5 5. Nd2 Nc6 6. Ngf3 Bd6 7. Bxd6 Qxd6 8.
Bb5 O-O 9. O-O Bd7 10. Qe2 a6 11. Bd3 e5 12. dxc5 Qxc5 13. e4 dxe4 14. Nxe4
Nxe4 15. Qxe4 g6 16. Rfe1 Rae8 17. Qc4 Qxc4 18. Bxc4 Be6 19. Bxe6 Rxe6 20. Rad1
Rfe8 21. Ng5 R6e7 22. Ne4 Kg7 23. Rd6 f5 24. Nc5 Na5 25. Rb6 Kf7 26. b4 Rc8 27.
g3 Rc6 28. Rxc6 Nxc6 29. f3 Rc7 30. Kf2 Kf6 31. Rd1 Ke7 32. h4 Na5 33. Rd5 Nc4
34. Nd3 Ke6 35. Rc5 Rd7 36. Ke2 b5 37. Rc6+ Ke7 38. Rxa6 e4 39. fxe4 fxe4 40.
Nc5 Rd2+ 41. Ke1 e3 42. Re6+ Kf7 43. Rxe3 Rxa2 44. Re2 Ra1+ 45. Kf2 Rh1 46. Kg2
Rc1 47. Ne4 h6 48. Ra2 Re1 49. Ra7+ Ke6 50. Nc5+ Kf6 51. Rb7 Re2+ 52. Kf3 Re3+
53. Kf2 Kf5 54. Rf7+ Kg4 55. Rf4+ 1-0

[Event "G7 Gruppe 1 2011"]
[Site "Odense"]
[Date "2011.04.20"]
[Round "2"]
[White "Aagaard, Gert"]
[Black "Nielsen, Klaus"]
[Result "1/2-1/2"]
[WhiteElo "1964"]
[BlackElo "2035"]
[PlyCount "170"]
[EventDate "2011.??.??"]


1. d4 d5 2. c4 e6 3. Nf3 Nf6 4. g3 Be7 5. Bg2 O-O 6. Qc2 c6 7. O-O Nbd7 8. Nbd2
a5 9. b3 a4 10. Bb2 Qa5 11. Bc3 Qa6 12. Rfe1 b5 13. c5 Qb7 14. b4 Qc7 15. a3 h6
16. Rad1 Re8 17. Bh3 g5 18. Ne5 Bf8 19. f4 Bg7 20. Qd3 Bb7 21. Qe3 Nh7 22. Ndf3
f6 23. Nd3 Ndf8 24. Kh1 Qf7 25. Rf1 Qh5 26. Bg2 Rad8 27. Qf2 Bc8 28. Nd2 f5 29.
Ne5 Bxe5 30. dxe5 g4 31. Kg1 Ng6 32. h3 Ne7 33. Bd4 gxh3 34. Bf3 Qg6 35. Kh2
Kf8 36. Rg1 Qf7 37. Qf1 Ng6 38. Qxh3 Ke7 39. Bh5 Rg8 40. e3 Rg7 41. Kg2 Rdg8
42. Kf2 Bd7 43. Rg2 Be8 44. Rdg1 Kd7 45. Nf3 Nxf4 46. gxf4 Rxg2+ 47. Rxg2 Qxh5
48. Rh2 Qxh3 49. Rxh3 h5 50. Bc3 Rg7 51. Nd4 Rg4 52. Be1 Nf8 53. Ke2 Rg2+ 54.
Bf2 Rg7 55. Nf3 Ng6 56. Kf1 Ke7 57. Bh4+ Kd7 58. Bf6 Rg8 59. Rxh5 Nf8 60. Rh6
Bg6 61. Kf2 Ke8 62. Bg5 Kd7 63. Rh2 Ke8 64. Bf6 Nh7 65. Bg5 Nf8 66. Bh6 Nh7 67.
Rg2 Bf7 68. Bg7 Bh5 69. Nd4 Kd7 70. Bh6 Rxg2+ 71. Kxg2 Be8 72. Kh3 Ke7 73. Kh4
Kf7 74. Nf3 Kg6 75. Bg5 Nf8 76. Be7 Nh7 77. Bd8 Bd7 78. Be7 Be8 79. Nd4 Bd7 80.
Bd6 Kh6 81. Ne2 Be8 82. Ng3 Bf7 83. Be7 Be8 84. Bg5+ Kg7 85. Nh5+ Kf7 1/2-1/2

[Event "G7 Gruppe 1 2011"]
[Site "Odense"]
[Date "2011.04.20"]
[Round "2"]
[White "Andersen, Rune"]
[Black "Jensen, Leif"]
[Result "1-0"]
[WhiteElo "2097"]
[BlackElo "1947"]
[PlyCount "57"]
[EventDate "2011.??.??"]


1. d4 d5 2. c4 c6 3. Nc3 Nf6 4. Nf3 e6 5. e3 Bd6 6. Ne5 Bxe5 7. dxe5 Nfd7 8. f4
O-O 9. Qh5 f5 10. Bd2 Nc5 11. b4 Ne4 12. Nxe4 fxe4 13. Bc3 Qe8 14. Qh3 Nd7 15.
Be2 Nb6 16. c5 Nd7 17. Bg4 Kh8 18. O-O Nb8 19. f5 exf5 20. Bxf5 Bxf5 21. Rxf5
Rxf5 22. Qxf5 Na6 23. Rf1 Kg8 24. e6 Nc7 25. Bxg7 Qxe6 26. Qf4 Rc8 27. Bb2 Qg6
28. Qe5 Ne6 29. Qh8# 1-0

[Event "G7 Gruppe 1 2011"]
[Site "Odense"]
[Date "2011.04.20"]
[Round "2"]
[White "Schoning, Lars"]
[Black "Skytte, Torill"]
[Result "0-1"]
[WhiteElo "1927"]
[BlackElo "2016"]
[PlyCount "102"]
[EventDate "2011.??.??"]


1. d4 d5 2. c4 c6 3. Nc3 Nf6 4. Bg5 Ne4 5. Nxe4 dxe4 6. Qd2 h6 7. Bf4 Na6 8. a3
Bf5 9. e3 e6 10. Ne2 Be7 11. Nc3 O-O 12. g4 Bh7 13. Bg2 f5 14. Rd1 Bg5 15. Be5
Qe7 16. O-O Rad8 17. Qe2 Nc7 18. b4 Ne8 19. gxf5 exf5 20. f3 exf3 21. Qxf3 Nf6
22. Bf4 Ng4 23. h3 Nxe3 24. Rde1 Bxf4 25. Qxf4 Nxg2 26. Rxe7 Nxf4 27. Rxf4 Rf7
28. Rxf7 Kxf7 29. d5 Kf6 30. dxc6 bxc6 31. Rf3 Bg8 32. c5 Rd4 33. b5 cxb5 34.
Nxb5 Rc4 35. Nd6 Rc1+ 36. Kf2 g6 37. Ke2 Bd5 38. Ne8+ Ke5 39. Re3+ Be4 40. Nd6
Rc2+ 41. Kf1 Rxc5 42. Nf7+ Kf4 43. Rb3 Rc7 44. Nxh6 Bd5 45. Rb8 Kg5 46. Ng8 Rg7
47. h4+ Kxh4 48. Nf6 Bc4+ 49. Kf2 Kg5 50. Rb4 Kxf6 51. Rxc4 g5 0-1

[Event "G7 Gruppe 1 2011"]
[Site "Odense"]
[Date "2011.04.20"]
[Round "2"]
[White "Christensen, Esben"]
[Black "Karstensen, Christian"]
[Result "1/2-1/2"]
[WhiteElo "2009"]
[BlackElo "1922"]
[PlyCount "29"]
[EventDate "2011.??.??"]


1. e4 c5 2. Nf3 d6 3. d4 cxd4 4. Nxd4 Nf6 5. Nc3 a6 6. a4 e5 7. Nf3 h6 8. Be3
Be6 9. h3 Nbd7 10. Qd2 Be7 11. Be2 Rc8 12. O-O Nc5 13. Bxc5 Rxc5 14. Rfd1 Qc7
15. Bd3 1/2-1/2

[Event "G7 Gruppe 1 2011"]
[Site "Odense"]
[Date "2011.04.20"]
[Round "2"]
[White "Jensen, Morten Frank"]
[Black "Pedersen, Niels"]
[Result "1-0"]
[WhiteElo "1997"]
[BlackElo "1885"]
[PlyCount "123"]
[EventDate "2011.??.??"]


1. f4 d5 2. Nf3 c5 3. g3 Nf6 4. Bg2 Nc6 5. d3 e6 6. O-O Be7 7. c3 O-O 8. Na3 b6
9. Qa4 Bb7 10. e4 a6 11. e5 Nd7 12. d4 b5 13. Qd1 cxd4 14. cxd4 Nb6 15. b3 Rc8
16. Nc2 a5 17. Ne3 Ba6 18. Rf2 f5 19. Bb2 b4 20. Bf1 Bxf1 21. Qxf1 a4 22. bxa4
Nxa4 23. Qb5 Qa5 24. Qf1 Rc7 25. Qg2 Rfc8 26. g4 Nxb2 27. Rxb2 fxg4 28. Qxg4
Nd8 29. Rg2 Bf8 30. f5 Rc1+ 31. Rxc1 Rxc1+ 32. Nf1 Qa6 33. Rf2 exf5 34. Qxf5
Qc8 35. Qxc8 Rxc8 36. Ne3 Ne6 37. Kg2 h6 38. h4 Kh7 39. Kg3 Rd8 40. Rc2 Rd7 41.
Kg4 Rc7 42. Kf5 Rxc2 43. Nxc2 Nc7 44. h5 Kg8 45. e6 Bd6 46. Ne5 Nb5 47. Nc6 Kf8
48. N2xb4 Nxd4+ 49. Nxd4 Bxb4 50. Ke5 Ba3 51. Kxd5 Ke7 52. Nb5 Bc1 53. Ke5 Bd2
54. Kf5 Bc1 55. Nd4 Bb2 56. Nc2 Kd6 57. Ne3 Ke7 58. a4 Bd4 59. Nd5+ Kd6 60. e7
Kd7 61. a5 Bc5 62. Kg6 1-0

[Event "G7 Gruppe 1 2011"]
[Site "Odense"]
[Date "2011.04.21"]
[Round "3"]
[White "Paaske, Asger"]
[Black "Rossen, Claus"]
[Result "1-0"]
[WhiteElo "2042"]
[BlackElo "2152"]
[PlyCount "49"]
[EventDate "2011.??.??"]


1. e4 c5 2. c3 Qa5 3. g3 Nc6 4. Bg2 d6 5. Ne2 Bg4 6. h3 Bh5 7. f4 Bxe2 8. Qxe2
e6 9. Na3 Nf6 10. O-O O-O-O 11. Nc2 d5 12. e5 Nd7 13. d4 cxd4 14. cxd4 g6 15.
Rf3 Nb6 16. Bd2 Qa6 17. Qe1 Nc4 18. Bc3 Qb6 19. a4 a5 20. Bf1 Nb4 21. Na3 Nxa3
22. bxa3 Nc2 23. Qc1 Qb3 24. Bxa5 Qxf3 25. Qxc2+ 1-0

[Event "G7 Gruppe 1 2011"]
[Site "Odense"]
[Date "2011.04.21"]
[Round "3"]
[White "Willumsen, Niels Henrik"]
[Black "Andersen, Rune Egede"]
[Result "1-0"]
[WhiteElo "2152"]
[BlackElo "2026"]
[PlyCount "69"]
[EventDate "2011.??.??"]


1. e4 e6 2. b3 d5 3. Bb2 dxe4 4. Nc3 f5 5. Qe2 Nf6 6. O-O-O Bb4 7. g4 Qe7 8. g5
Bxc3 9. dxc3 Nd5 10. h4 Nc6 11. c4 Nf4 12. Qe3 e5 13. Ne2 Ne6 14. Bh3 g6 15.
Rd5 Ned8 16. f4 Be6 17. Bxe5 Rf8 18. Bb2 Bxd5 19. cxd5 Nb4 20. Qd4 a5 21. Nc3
Qd6 22. Rf1 c6 23. Nxe4 fxe4 24. Qxe4+ Qe7 25. Qh1 Kf7 26. Re1 Qd6 27. Qe4 Nxd5
28. Kb1 b5 29. Qd4 Rg8 30. f5 c5 31. fxg6+ Rxg6 32. Qf2+ Nf4 33. Be5 Qe7 34.
Bxf4 Qa7 35. Bd6+ 1-0

[Event "G7 Gruppe 1 2011"]
[Site "Odense"]
[Date "2011.04.21"]
[Round "3"]
[White "Bruun, Henrik Emil"]
[Black "Hansen, Martin Strandby"]
[Result "0-1"]
[WhiteElo "1965"]
[BlackElo "2106"]
[PlyCount "146"]
[EventDate "2011.??.??"]


1. e4 d6 2. d4 Nf6 3. f3 e5 4. Ne2 Be7 5. Be3 O-O 6. c4 c6 7. Nbc3 Na6 8. Qd2
Bd7 9. g4 Nc7 10. O-O-O Be6 11. d5 cxd5 12. cxd5 Bd7 13. Ng3 b5 14. Bd3 a5 15.
Kb1 Kh8 16. Rc1 Qb8 17. Nf5 Ng8 18. h4 Rc8 19. Nxe7 Nxe7 20. g5 b4 21. Ne2 Bb5
22. f4 Bxd3+ 23. Qxd3 f6 24. gxf6 gxf6 25. fxe5 fxe5 26. Bg5 Ng8 27. Rhg1 Qb5
28. Qg3 Qd7 29. Rcf1 Rf8 30. Rf3 a4 31. Rgf1 Qg7 32. Qf2 Rxf3 33. Qxf3 a3 34.
Ng3 axb2 35. Nf5 Qg6 36. Ne7 Nxe7 37. Bxe7 Nxd5 38. Bf6+ Nxf6 39. Qxf6+ Qxf6
40. Rxf6 Rc8 41. Rxd6 Rc4 42. h5 Rxe4 43. h6 Kg8 44. Rd7 Rh4 45. Rg7+ Kh8 46.
Re7 Rxh6 47. Rxe5 Rh4 48. Rg5 Rd4 49. Kxb2 h6 50. Rg3 h5 51. a4 bxa3+ 52. Rxa3
Kg7 53. Kc3 Rd6 54. Ra4 Kg6 55. Rd4 Re6 56. Kd3 Kg5 57. Rd8 h4 58. Rg8+ Kf4 59.
Rh8 Kg3 60. Rg8+ Kf2 61. Rf8+ Kg2 62. Rg8+ Kh2 63. Rg4 h3 64. Rg5 Re1 65. Kd2
Rg1 66. Rf5 Ra1 67. Ke2 Kg3 68. Rg5+ Kf4 69. Rg8 h2 70. Rf8+ Ke5 71. Rh8 h1=Q
72. Rh2 Qxh2+ 73. Ke3 Ra3# 0-1

[Event "G7 Gruppe 1 2011"]
[Site "Odense"]
[Date "2011.04.21"]
[Round "3"]
[White "Haubro, Sigfred"]
[Black "Vesterli, Michael E"]
[Result "1-0"]
[WhiteElo "2101"]
[BlackElo "1908"]
[PlyCount "65"]
[EventDate "2011.??.??"]


1. f4 Nf6 2. Nf3 d5 3. g3 g6 4. Bg2 Bg7 5. O-O O-O 6. d3 Nc6 7. c3 Bg4 8. Qc2
Qd6 9. b3 Rfe8 10. Ba3 Qe6 11. Bc5 h6 12. Nbd2 Bxf3 13. Nxf3 d4 14. e4 dxe3 15.
Rae1 Nd5 16. d4 b6 17. Ba3 b5 18. Bc1 Rad8 19. a3 Na5 20. Ne5 Nb6 21. Rxe3 Qxb3
22. Qf2 Nac4 23. Rf3 e6 24. h4 h5 25. Bh3 Nd5 26. g4 Nf6 27. Qg2 Qb1 28. Nxc4
bxc4 29. gxh5 Nxh5 30. f5 Qe4 31. fxe6 fxe6 32. Rf8+ Rxf8 33. Rxf8+ 1-0

[Event "G7 Gruppe 1 2011"]
[Site "Odense"]
[Date "2011.04.21"]
[Round "3"]
[White "Grubert, Christian"]
[Black "Christiansen, Jens Jorgen"]
[Result "1/2-1/2"]
[WhiteElo "2057"]
[BlackElo "2058"]
[PlyCount "40"]
[EventDate "2011.??.??"]


1. e4 d5 2. exd5 Qxd5 3. Nf3 Nf6 4. Be2 c6 5. d4 Bg4 6. Be3 e6 7. O-O Nbd7 8.
c4 Qd6 9. Nc3 Be7 10. Qd2 Bxf3 11. Bxf3 O-O 12. Rfd1 Rad8 13. d5 cxd5 14. cxd5
Ne5 15. Qe2 Nxf3+ 16. Qxf3 Nxd5 17. Nxd5 exd5 18. Bxa7 Bf6 19. Bd4 Be5 20. g3
Rfe8 1/2-1/2

[Event "G7 Gruppe 1 2011"]
[Site "Odense"]
[Date "2011.04.21"]
[Round "3"]
[White "Molvig, Henrik"]
[Black "Aagaard, Gert"]
[Result "1-0"]
[WhiteElo "2167"]
[BlackElo "1964"]
[PlyCount "117"]
[EventDate "2011.??.??"]


1. d4 Nf6 2. c4 e6 3. Nf3 b6 4. g3 Ba6 5. b3 Bb7 6. Bb2 Bb4+ 7. Nc3 Ne4 8. Qc2
f5 9. Bg2 O-O 10. O-O Bxc3 11. Bxc3 Nxc3 12. Qxc3 Qf6 13. Rac1 Be4 14. Qd2 Nc6
15. Rfd1 Rad8 16. b4 Ne7 17. Rc3 a6 18. Ra3 b5 19. c5 Ra8 20. Ne5 Bxg2 21. Nxd7
Qf7 22. Kxg2 Rfd8 23. Ne5 Qh5 24. Nf3 h6 25. Qe3 Qf7 26. Ne5 Qf6 27. Qf3 Nd5
28. Rb3 Re8 29. a3 Qg5 30. h4 Qf6 31. e4 Ne7 32. Nd7 Qg6 33. Re3 Rad8 34. Ne5
fxe4 35. Rxe4 Qf5 36. g4 Qxf3+ 37. Nxf3 Nd5 38. Rde1 Rf8 39. Kg3 Rf7 40. Ne5
Rf6 41. f4 Nc3 42. R4e3 Nd5 43. Rf3 Ne7 44. Rd1 h5 45. g5 Nf5+ 46. Kh3 Rff8 47.
Nc6 Rd5 48. Rfd3 Kf7 49. Re1 Ke8 50. Rxe6+ Kd7 51. Rg6 Kc8 52. Rxg7 Re8 53. Rf7
Re1 54. g6 Kb7 55. Na5+ Kc8 56. g7 Nxg7 57. Rxg7 Rh1+ 58. Kg2 Rxh4 59. Rg5 1-0